000 00449nam a2200181Ia 4500
005 20230615114411.0
008 131103s9999 xx 000 0 und d
040 _aLoreto College
041 _aEnglish
082 _aF
_bDUM
100 _aDu Maurier,Daphne
245 4 _aThe Parasites
_cDaphne du Maurier
260 _aLondon
_bVictor Gollancz Ltd.
_c1949
300 _a350 p.
650 _aFiction in English
850 _aLCLIB
942 _cBK
999 _c15827
_d66306